Statistics for Current Real Madrid Squad

Click here to take the quiz!

General Stats

  • This quiz has been taken 56 times
  • The average score is 18 of 23

Answer Stats

HintAnswer% Correct
#10Luca Modric
100%
#1Thibaut Courtois
100%
#8Toni Kroos
100%
#20Vinicius Junior
98%
#2Daniel Carvajal
94%
#9Karim Benzema
94%
#21Rodrygo
92%
#3Eder Militao
90%
#18Aurelien Tchouameni
88%
#15Fede Valverde
87%
#4David Alaba
85%
#12Eduardo Camavinga
85%
#6Nacho
85%
#11Marco Asensio
81%
#23Ferland Mendy
79%
#7Eden Hazard
73%
#17Lucas Vazquez
71%
#22Antonio Rudiger
69%
#13Andriy Lunin
65%
#19Dani Ceballos
56%
#24Mariano Diaz
56%
#16Alvaro Odriozola
48%
#5Jesus Vallejo
48%

Score Distribution

Percentile by Number Answered

Percent of People with Each Score

Your Score History

You have not taken this quiz